| 000 | 00773nam a22002417a 4500 | ||
|---|---|---|---|
| 999 |
_c65535 _d65535 |
||
| 005 | 20240530110829.0 | ||
| 008 | 190903s2006 ua a g b 000 0 ara d | ||
| 017 | _a2006/3193 | ||
| 020 | _a9774080777 | ||
| 040 |
_aEG-CaGPL _cEG-CaGPL |
||
| 082 | 0 | 4 |
_221 _a229.2 \ _bخ ر |
| 100 | 0 | _aخالد احمد خالد | |
| 245 | 1 | 2 |
_aالرقية الشرعية / _cتأليف خالد احمد خالد |
| 250 | _aط.1 | ||
| 260 |
_aالقاهرة : _bدار الفاروق للنشر والتوزيع، _c2006 |
||
| 300 |
_a103 ص. ؛ _c24 سم. |
||
| 650 | 0 | 7 |
_2qrmak _aالرقية الشرعية |
| 650 | 0 | 7 | _aالسحر |
| 650 | 0 | 7 |
_aالعلاج بالقران _2qrmak |
| 651 | _2qrmak | ||
| 942 |
_2ddc _cBK |
||